000 00367nam a2200157Ia 4500
003 Ost
005 20260225132542.0
008 260225s9999||||xx |||||||||||||| ||und||
040 _cfsic
041 _afre
082 _a330.9
100 _aPaul paillat
_eAuteur
245 0 _aProblémes demographiques d'aujour d'huit /
245 0 _cPaul paillat
942 _cكتاب
999 _c33572
_d33572